Informe final

Shranjeno v:
Bibliografske podrobnosti
Korporativna značnica: ECIEL
Format: Texto
Izdano: Janeiro: ECIEL
Oznake: Označite
Brez oznak, prvi označite!

MARC

LEADER 00000 a a2200000 04500
001 25469
003
040 |a CRAI/IIS  |c CRAI/IIS 
090 |a 152502  
110 |a ECIEL  
245 |a Informe final  
260 |a Janeiro:   |b ECIEL  
300 |a 163 p.   |b **no definido**  
999 |c 14227  |d 14227